| 000 | 00765nam a22002297a 4500 | ||
|---|---|---|---|
| 999 |
_c1326 _d1326 |
||
| 003 | AR-CdUCM | ||
| 008 | 190226b ||||| |||| 00| 0 spa d | ||
| 040 |
_aMUNICIPALIDAD PROVINCIAL DEL CUSCO _cBIBLIOTECA MUNICIPAL DEL CUSCO |
||
| 082 |
_a868.56 / _bM13 |
||
| 100 |
_aMachado, Antonio _95092 |
||
| 245 |
_aAntologia Poetica / _cMachado, Antonio |
||
| 260 |
_aEspaña : _bSalvat Editores, _c1969. |
||
| 300 |
_a189 paginas ; _c15cm. |
||
| 500 | _apoesia | ||
| 505 | _aSoledades -- Del camino -- Canciones -- Humorismo -- Galerias... | ||
| 650 |
_aEnsayos Poéticos _95093 |
||
| 650 |
_aLiteratura española - Siglo XIX _95094 |
||
| 650 |
_aLiteratura Clásica española _95095 |
||
| 650 |
_aSoledades _95096 |
||
| 942 |
_2ddc _cLIBROS |
||
| 945 |
_apjha _d2019-02-26 |
||